000 00381nam a2200145Ia 4500
008 240624s9999 xx 000 0 und d
041 _aeng
082 _a658.8 SAF
100 _aSAFKO LON
245 _aSOCIAL MEDIA BIBLE TACTICS TOOLS AND STR
250 _a(2nd ed.)
260 _c2010
_aNew Jersey
_bJohn Wiley and Sons
300 _axix, : 771 : p. : cm. ; 23
365 _c
_b27
999 _c16923
_d16923